| 000 | 00420nam a2200133 4500 | ||
|---|---|---|---|
| 008 | 240802b |||||||| |||| 00| 0 eng d | ||
| 040 |
_aNational Science Library _cNational Science Library |
||
| 080 |
_a661.66:547.21=30 _bJ6 |
||
| 100 | _aAsinger, Friedrich | ||
| 245 | _aChemie und technologie der paraffin-kohlenwasserstoffe | ||
| 260 |
_aBerlin: _bAkademie Verlag, _c1959 |
||
| 300 | _axxiv, 719p. | ||
| 942 |
_2udc _cBK |
||
| 999 |
_c65730 _d65730 |
||